000 01232nam a22001577a 4500
008 150327b xxu||||| |||| 00| 0 eng d
020 _a9968928003
082 _a745.4
_bH 821p
100 _aHorta Meza, Aurelio (compilador)
_92307
245 _aPensar el Diseño
_bUna profesion del siglo XXI
_cHorta Meza, Aurelio (compilador)
260 _aSan Jose- Costa Rica
_bEditorial Veritas
_c2004
300 _a192 p.
_bill.
_c27 cm
505 _tLa invención de la huella creativa del diseño
_rGabrio Zappelli
_tLos escenarios de la intersubjetividad
_rJeanette Amit
_tLa inestabilidad de lo estable: observaciones sobre el movimiento en la cultura occidental
_rPablo Hernández
_tImagenes y conceptos: relaciones entre cine y filosofia
_rPablo Hernández
_tPercepción subjetiva vrs. persepción objetiva
_rFranklin Hernández
_tEl diseño diacrónico: el tiempo y la experiencia estética
_rPablo Ortega
_t¿Quién le teme al abogado Coppelius? El tiempo y la experiencia estetica
_rPablo Ortega
_tEl dibujo en el campo de las bellas artes y su pertinencia para la educación del diseño
_rJac Saorsa
_tPensar en el diseño...hacer la sintesis
_rAurelio Horta
650 _xDiseño
_xArte
_zCosta Rica
_92308
700 _aAurelio Horta Meza (compilador)
_92309
999 _c486
_d486